000 00651nam a2200217 a 4500
001 BRL_1031
005 20190320211014.0
008 011113s1971----mx-ab#####---#000-0#spa-#
041 _aspa
044 _amx
050 4 _aF1386.3
_b.G85 1971
245 1 0 _aGuía de la Ciudad de México
_ceditada por el Departamento del Distrito Federal.
260 _aMéxico
_bDepartamento de Turismo
_c[1971]
300 _a413 p.
_bil.
_c19 cm.
500 _aAu1080
500 _aIncluye dedicatoria a Ruth Lechuga
651 4 _aCiudad de México
_vGuías
_95211
710 2 _aMéxico
_bDepartamento del Distrito Federal
_925625
902 _aGRL
942 _2lcc
_cB
999 _c9843
_d9843